00424nam a2200133 a 450000100100000000500170001000800410002704000250006810000460009324500450013926000360018430000220022050000480024200003074120200930062501.0110526s1933 dr 000 0 spa d aDO-SdBNPbspacBNPHU1 aUreña de Mendoza, Nicolás,d1822-187510aPoesías /cNicolas Ureña de Mendoza. aSanto Domingo :b[s.n.],c1933. a[58 p.] ;c24 cm. aColeccionadas por Pedro Henríquez Ureña